000 00632nam a2200205Ii 4500
003 JO-AjNU
008 230605s9999||||xx |||||||||||||| ||und||
040 _aJO-AjNU
_bara
_erda
_cJO-AjNU
041 _aara
050 1 4 _aBL2785.A93.1998
100 3 _aعوض،رمسيس,
_eauthor
_917442
245 0 0 _aملحدون محدثون ومعاصرون
250 _aط1
264 3 1 _aالقاهرة-بيروت:سينا للنشر ، الانتشارالعربي ،1998
300 _a155ص
336 _atext
_btxt
_2rdacontent
337 _aunmediated
_bn
_2rdamedia
338 _avolume
_bnc
_2rdacarrier
650 4 _aالحاد
_917443
999 _aA5387
_c8955
_d8955